000 00527nam a2200157 i 4500
001 69049
003 ES-MaACL
007 t|
008 040906s1894 fr ||||1| fre d
100 1 _aEspinas, Alfred.
_947849
245 1 0 _aLeçon d'ouverture d'un cours d'histoire de l'économie sociale /
_cpar Alfred Espinas.
260 _aParis :
_bV. Giard & E. Brière,
_c1894.
300 _a31 p. ;
_c25 cm.
500 _aExtrait de la "Revue Internationale de Sociologie" 2e annéen nº 5, mai 1894.
852 _aES-MaACL
_jT-747-F-5
999 _c69049
_d69049